Statistics for AFL 2017 Team Captains

Click here to take the quiz!

General Stats

  • This quiz has been taken 482 times
  • The average score is 10 of 18

Answer Stats

TeamsCaptain/s% Correct
Adelaide CrowsTaylor Walker
81%
Geelong CatsJoel Selwood
79%
Collingwood MagpiesScott Pendlebury
73%
Fremantle DockersNathan Fyfe
72%
Carlton BluesMarc Murphy
71%
Essendon BombersDyson Heppell
66%
Richmond TigersTrent Cotchin
66%
Western BulldogsRobert Murphy
65%
GWS GiantsCallan Ward / Phil Davis
58%
Melbourne DemonsNathan Jones / Jack Viney
55%
Port Adelaide PowerTravis Boak
50%
Brisbane LionsDayne Beams
47%
Sydney SwansJosh Kennedy
42%
West Coast EaglesShannon Hurn
40%
Nth Melbourne KangaroosJack Ziebell
39%
Hawthorn HawksJarryd Roughead
36%
Gold Cast SunsStephen May / Tom Lynch
35%
St Kilda SaintsJarryn Geary
29%

Score Distribution

Percentile by Number Answered

Percent of People with Each Score

Your Score History

You have not taken this quiz